000 00835nam a22002177a 4500
999 _c3894
_d3894
003 AR-CdUCM
008 190307b ||||| |||| 00| 0 spa d
040 _aMUNICIPALIDAD PROVINCIAL DEL CUSCO
_cBIBLIOTECA MUNICIPAL DEL CUSCO
082 _a869.56 /
_bG84
110 _aGrupo Cultural Yuyachkani
_94473
245 _aAllpa Rayku :
_bUna experiencia de teatro popular /
260 _aLima :
_bGrupo Cultural Yuyachkani :
_bCentro de Información, Estudios y Documentación,
_c1983.
300 _a133 páginas ;
_bFotografías,
_c20 cm.
500 _aDonación de la familia de Luis Nieto
505 _aContenido: Testimonio de Andahuaylas -- Canciones -- Opiniones -- Allpa Rayku -- Fotografías.
650 _aCultura popular
_92559
650 _aTeatro popular
_94474
650 _aPerú
_935
942 _2ddc
_cLIBROS
945 _adavv